000
00262nam a2200109 a 4500
005
20140414132002.0
008
110217s19uu xx 00 eng d
050
_a
TR 425
_b
W84 2009
100
_a
Wong, C.K.
245
_a
Primary level English 4.
999
_c
113098
_d
113098